[Event "XXXI Festival A"]
[Site "Arco ITA"]
[Date "2009.10.18"]
[Round "2"]
[White "Casagrande, Fabio"]
[Black "Vezzosi, Paolo"]
[Result "1/2-1/2"]
[WhiteElo "2011"]
[BlackElo "2381"]
[PlyCount "77"]
[EventDate "2009.10.17"]

1. e4 c6 2. d4 d5 3. e5 Bf5 4. c4 e6 5. Nc3 Ne7 6. a3 dxc4 7. Bxc4 Nd7 8. Nge2
Nb6 9. Bb3 Nbd5 10. O-O Bg6 11. Nf4 Nxf4 12. Bxf4 Nf5 13. Be3 Be7 14. Bc2 O-O
15. b4 a5 16. b5 cxb5 17. Nxb5 Nh4 18. Bxg6 hxg6 19. Qg4 a4 20. Qe4 Qd7 21. Nd6
b5 22. d5 Bxd6 23. exd6 Nf5 24. dxe6 fxe6 25. Bc5 Rac8 26. Rac1 Rc6 27. Bb4
Rfc8 28. Rxc6 Rxc6 29. Qe5 Rc4 30. Rd1 g5 31. h3 Kf7 32. Rd3 g4 33. hxg4 Rxg4
34. Rc3 Rc4 35. Rxc4 bxc4 36. Qc5 Ke8 37. Qxc4 Nxd6 38. Bxd6 Qxd6 39. Qxa4+
1/2-1/2

[Event "XXXI Festival A"]
[Site "Arco ITA"]
[Date "2009.10.18"]
[Round "2"]
[White "Dalponte, Dino"]
[Black "Rizzoli, Aluna"]
[Result "1-0"]
[WhiteElo "2138"]
[BlackElo "1878"]
[PlyCount "57"]
[EventDate "2009.10.17"]

1. d4 Nf6 2. c3 b6 3. Bg5 Bb7 4. e3 e6 5. Nf3 Be7 6. Bd3 Ne4 7. Bxe7 Qxe7 8.
Qc2 f5 9. Qe2 d6 10. O-O O-O 11. Nbd2 Nd7 12. Bc2 Rf6 13. Qc4 Rg6 14. Nxe4 fxe4
15. Qxc7 exf3 16. Bxg6 fxg2 17. Rfe1 Bf3 18. Bd3 Rf8 19. Rac1 Qf7 20. Rc2 d5
21. e4 dxe4 22. Bxe4 Bxe4 23. Rxe4 Qf3 24. Rce2 Nf6 25. R4e3 Qf5 26. Qe5 Qb1+
27. Kxg2 Kh8 28. Qxe6 Nh5 29. Qf7 1-0

[Event "XXXI Festival A"]
[Site "Arco ITA"]
[Date "2009.10.18"]
[Round "2"]
[White "De Andres Gonalons, Fernando"]
[Black "Bondielli, Giorgio"]
[Result "1/2-1/2"]
[WhiteElo "2088"]
[BlackElo "1922"]
[PlyCount "99"]
[EventDate "2009.10.17"]

1. d4 f5 2. g3 Nf6 3. Bg2 g6 4. c4 Bg7 5. Nc3 d6 6. Nf3 O-O 7. O-O c6 8. Re1
Qc7 9. e4 Nxe4 10. Nxe4 fxe4 11. Rxe4 Bf5 12. Re3 Bg4 13. h3 Bxf3 14. Rxf3 Nd7
15. Be3 Rae8 16. Rxf8+ Rxf8 17. Qe2 Nf6 18. d5 c5 19. Re1 Re8 20. Bd2 Qd7 21.
Kh2 Kf7 22. Bc3 b6 23. f4 Kf8 24. g4 Kf7 25. f5 g5 26. Qf3 h6 27. Re6 Kf8 28.
Bf1 Kf7 29. Bd3 Rh8 30. Qe3 Re8 31. Kg2 Rg8 32. a4 a5 33. Bc2 Re8 34. Kf3 Rf8
35. Qe1 Rh8 36. Qd2 Bf8 37. Bxf6 exf6 38. Rxf6+ Kxf6 39. Qc3+ Kf7 40. Qxh8 Qe7
41. Qh7+ Bg7 42. Qg6+ Kf8 43. Qe6 Qf6 44. Qc8+ Kf7 45. Qd7+ Kf8 46. Qc8+ Kf7
47. Qe6+ Kf8 48. Kg2 Qe5 49. b3 Bf6 50. Qxe5 1/2-1/2

[Event "XXXI Festival A"]
[Site "Arco ITA"]
[Date "2009.10.18"]
[Round "2"]
[White "De Santis, Alessio"]
[Black "Ricci, Alfredo"]
[Result "1-0"]
[WhiteElo "2309"]
[BlackElo "1993"]
[PlyCount "66"]
[EventDate "2009.10.17"]

1. Nf3 Nf6 2. b3 g6 3. Bb2 Bg7 4. c4 O-O 5. g3 b6 6. Bg2 Bb7 7. O-O c5 8. d3 d6
9. Nbd2 Nbd7 10. a3 Qc7 11. Rc1 Rfe8 12. Rc2 e5 13. Qa1 Nf8 14. e3 h5 15. d4
exd4 16. exd4 Ne4 17. d5 Bxb2 18. Qxb2 Nxd2 19. Nxd2 Qe7 20. Ne4 Nh7 21. Re2 f5
22. Nc3 Qd7 23. Rfe1 Ba6 24. Re6 Nf8 25. Qe2 Kf7 26. h3 Rad8 27. g4 hxg4 28.
hxg4 fxg4 29. Ne4 Nxe6 30. dxe6+ Rxe6 31. Ng5+ Kf6 32. Nxe6 Re8 33. Qb2+ Kf7
1-0

[Event "XXXI Festival A"]
[Site "Arco ITA"]
[Date "2009.10.18"]
[Round "2"]
[White "Dittmar, Peter"]
[Black "Parrini, Daniele"]
[Result "1-0"]
[WhiteElo "2359"]
[BlackElo "2022"]
[PlyCount "199"]
[EventDate "2009.10.17"]

1. c4 g6 2. g3 Bg7 3. Bg2 c5 4. Nc3 Nc6 5. a3 e6 6. Rb1 Nge7 7. b4 d6 8. Nf3
O-O 9. O-O Rb8 10. e3 e5 11. d3 f5 12. b5 Na5 13. Bd2 Kh8 14. Nd5 Nxd5 15. cxd5
b6 16. Bc3 Nb7 17. Nd2 Bd7 18. Nc4 Qc7 19. a4 Ra8 20. Qb3 Rfb8 21. Qb2 Be8 22.
f4 exf4 23. Bxg7+ Qxg7 24. Qxg7+ Kxg7 25. gxf4 Bd7 26. e4 fxe4 27. dxe4 Re8 28.
Rbe1 Rad8 29. Re3 Bc8 30. e5 Na5 31. Nxa5 bxa5 32. e6 Kf6 33. f5 g5 34. Rh3 Rh8
35. Rb3 Bb7 36. b6 a6 37. Re3 Rde8 38. Be4 Re7 39. Bc2 h5 40. Bb3 Rhh7 41. Bc4
Rhg7 42. Rf2 Rh7 43. Kf1 Rhg7 44. Ke2 Rh7 45. Kd3 Rhg7 46. Ke4 Rg8 47. Be2 Rh8
48. Rg3 Rhh7 49. Rg1 Rh8 50. Rf3 Rg7 51. Rh3 Rgh7 52. Bd1 Rg7 53. Rg2 Rgh7 54.
Be2 Rh6 55. Rhg3 Rg8 56. Bf3 Rh7 57. Ke3 Rh6 58. Be4 Rh7 59. Kd3 Rhg7 60. Re2
Re8 61. Kc4 Rh8 62. Bd3 Re8 63. Re1 Rge7 64. Ree3 Rh8 65. Be2 Bc8 66. Rh3 h4
67. Bg4 Bb7 68. Rhf3 Rhh7 69. h3 Rh8 70. Rf2 Rhh7 71. Re1 Rh8 72. Bd1 Rhh7 73.
Rg2 Rh8 74. Rf1 Reh7 75. Bb3 Re7 76. Kd3 Reh7 77. Ke4 Re7 78. Bd1 Reh7 79. Bc2
Re8 80. Rff2 Reh8 81. Rg1 Re8 82. Ke3 Reh8 83. Be4 Re7 84. Rfg2 Rg8 85. Rg4
Reg7 86. Kd3 Rc8 87. Kc4 Rh8 88. Bc2 Re8 89. Bd1 Reg8 90. R4g2 Rh8 91. Bf3 Rhh7
92. Kd3 Rh8 93. Ke4 Rgg8 94. Rc2 Re8 95. Bd1 Rh7 96. Re2 Ree7 97. Rxg5 Bxd5+
98. Kxd5 Kxg5 99. Rg2+ Kf6 100. Rg6+ 1-0

[Event "XXXI Festival A"]
[Site "Arco ITA"]
[Date "2009.10.18"]
[Round "2"]
[White "Facchetti, Lorenzo"]
[Black "Kierzek, Matthias"]
[Result "0-1"]
[WhiteElo "1836"]
[BlackElo "2154"]
[PlyCount "82"]
[EventDate "2009.10.17"]

1. d4 d5 2. c4 e6 3. Nc3 Nf6 4. Bg5 Nbd7 5. e3 c6 6. Nf3 Qa5 7. Nd2 Bb4 8. Qc2
O-O 9. Be2 e5 10. Bxf6 Nxf6 11. dxe5 Ne4 12. O-O Nxd2 13. Qxd2 dxc4 14. a3 Bxc3
15. Qxc3 Qxc3 16. bxc3 Be6 17. Rfd1 f6 18. Rd6 Kf7 19. exf6 gxf6 20. Rad1 Ke7
21. R6d2 Rad8 22. Bf3 Rxd2 23. Rxd2 Rd8 24. Rd4 Rd6 25. Kf1 b5 26. Ke2 c5 27.
Rh4 Ra6 28. Rxh7+ Kd6 29. Rb7 Bd7 30. h4 Rxa3 31. h5 Ra2+ 32. Ke1 Ra1+ 33. Bd1
Bg4 34. f3 Bxh5 35. Rxb5 Be8 36. Rb2 a5 37. Kd2 a4 38. Rb6+ Kc7 39. Bxa4 Bxa4
40. Rxf6 Ra2+ 41. Ke1 Rxg2 0-1

[Event "XXXI Festival A"]
[Site "Arco ITA"]
[Date "2009.10.18"]
[Round "2"]
[White "Fortunato, Vito"]
[Black "Roversi, Stefano"]
[Result "0-1"]
[WhiteElo "1913"]
[BlackElo "1824"]
[PlyCount "142"]
[EventDate "2009.10.17"]

1. d4 Nf6 2. c4 g6 3. Nf3 Bg7 4. g3 O-O 5. Bg2 d5 6. cxd5 Nxd5 7. O-O c6 8. e4
Nf6 9. Nc3 Bg4 10. h3 Bxf3 11. Bxf3 Nbd7 12. e5 Ne8 13. Be3 Nb6 14. Bg2 Nc7 15.
f4 Nc4 16. Bc1 Ne6 17. b3 Qa5 18. Ne4 Na3 19. f5 gxf5 20. Rxf5 Nxd4 21. Rh5
Nac2 22. Qg4 Qe1+ 23. Kh2 Nxa1 24. Rxh7 Kxh7 25. Ng5+ Kg8 26. Qh5 Nf3+ 27. Bxf3
Qf2+ 28. Kh1 Qc2 29. Be4 Qxc1+ 30. Kh2 Qd2+ 31. Kh1 Qe1+ 32. Kg2 Qxe4+ 33. Nxe4
f6 34. g4 Rad8 35. g5 fxe5 36. g6 Rf4 37. Ng5 Rd2+ 38. Kg3 Rd3+ 39. Kg2 Rd2+
40. Kg1 Rf6 41. Qg4 Rxg6 42. h4 Rd4 43. Qf5 Rd1+ 44. Kh2 Rf6 45. Qc8+ Bf8 46.
Qg4 Rd2+ 47. Kg1 Bg7 48. Qc8+ Bf8 49. Qg4 Rd4 50. Qh5 Bg7 51. Qe8+ Rf8 52. Qg6
Rg4+ 53. Kh2 Rxh4+ 54. Kg3 Rh6 55. Qe4 Rff6 56. Nf3 Rhg6+ 57. Kf2 Rg5 58. Ke2
Rg2+ 59. Kd1 Rd6+ 60. Ke1 Nc2+ 61. Kf1 Rdg6 62. Nh4 Rg1+ 63. Kf2 R6g4 64. Qxc2
Rh1 65. Nf3 Rf4 66. Kg2 Rh5 67. Qg6 Rhf5 68. Ng5 Rg4+ 69. Kh3 Rgxg5 70. Qe6+
Kh7 71. Qxe7 Rf6 0-1

[Event "XXXI Festival A"]
[Site "Arco ITA"]
[Date "2009.10.18"]
[Round "2"]
[White "Franco Ocampos, Zenon"]
[Black "Bonagura, Stefano"]
[Result "1/2-1/2"]
[WhiteElo "2505"]
[BlackElo "2086"]
[PlyCount "70"]
[EventDate "2009.10.17"]

1. d4 d5 2. Nf3 Nf6 3. c4 c6 4. e3 e6 5. b3 Nbd7 6. Bd3 Bd6 7. Bb2 O-O 8. O-O
b6 9. Nc3 Bb7 10. Qe2 Qe7 11. e4 Nxe4 12. Nxe4 dxe4 13. Qxe4 f5 14. Qe2 c5 15.
Rfe1 Rae8 16. Rad1 g6 17. Bc2 cxd4 18. Nxd4 e5 19. Nb5 Bb4 20. Rf1 Bc5 21. Qd2
Nf6 22. Qg5 Nh5 23. Qxe7 Rxe7 24. a3 a5 25. Rfe1 Nf4 26. Rxe5 Rfe8 27. Rde1
Rxe5 28. Rxe5 Rxe5 29. Bxe5 Nxg2 30. Kf1 Nh4 31. Bc7 Bg2+ 32. Ke2 Nf3 33. Bd3
Ng1+ 34. Ke1 Nf3+ 35. Ke2 Ng1+ 1/2-1/2

[Event "XXXI Festival A"]
[Site "Arco ITA"]
[Date "2009.10.18"]
[Round "2"]
[White "Gasperoni, Claudio"]
[Black "De Nisi, Roberta"]
[Result "1/2-1/2"]
[WhiteElo "1770"]
[BlackElo "1903"]
[PlyCount "47"]
[EventDate "2009.10.17"]

1. d4 f5 2. g3 g6 3. Bg2 Bg7 4. Nh3 Nf6 5. Nc3 d6 6. d5 c6 7. Nf4 e5 8. dxe6
Na6 9. h4 Nc5 10. h5 gxh5 11. Nxh5 Nxh5 12. Rxh5 Bxe6 13. Be3 Qc7 14. Bd4 O-O-O
15. Bh3 Qf7 16. Rg5 Bf6 17. Bxf6 Qxf6 18. Qd2 Ne4 19. Nxe4 fxe4 20. Bxe6+ Qxe6
21. Qd4 c5 22. Qd5 Qf6 23. Qf5+ Qxf5 24. Rxf5 1/2-1/2

[Event "XXXI Festival A"]
[Site "Arco ITA"]
[Date "2009.10.18"]
[Round "2"]
[White "Grom, Waldemar"]
[Black "Giaracuni, Claudio"]
[Result "1-0"]
[WhiteElo "1957"]
[BlackElo "1771"]
[PlyCount "95"]
[EventDate "2009.10.17"]

1. c4 e5 2. Nc3 Nf6 3. g3 Nc6 4. Bg2 Bc5 5. e3 d6 6. Nge2 O-O 7. O-O Bf5 8. d4
exd4 9. exd4 Bb6 10. h3 Re8 11. Be3 a6 12. a3 Ne4 13. Nd5 Ne7 14. Ndf4 c5 15.
d5 Ng6 16. Qc1 Nxf4 17. Nxf4 Qe7 18. Ne2 Ba5 19. b4 cxb4 20. axb4 Bxb4 21. Rb1
Bd2 22. Qb2 Bxe3 23. fxe3 Nxg3 24. Nxg3 Qxe3+ 25. Kh2 Bxb1 26. Qxb1 Re7 27. Qf5
Qe5 28. Qg4 h5 29. Qh4 g6 30. Rf2 Kg7 31. Kh1 f5 32. Qg5 Rf8 33. Nxh5+ Kh7 34.
Nf4 Rf6 35. h4 Qa1+ 36. Kh2 Qd4 37. Rf3 Re3 38. Ne6 Qe5+ 39. Rf4 Re2 40. h5
Rxg2+ 41. Kxg2 Qe2+ 42. Kg3 Qe3+ 43. Kg2 Qe2+ 44. Rf2 Qxh5 45. Qxf6 Qg4+ 46.
Kh1 Qe4+ 47. Rg2 Qe1+ 48. Kh2 1-0

[Event "XXXI Festival A"]
[Site "Arco ITA"]
[Date "2009.10.18"]
[Round "2"]
[White "Karl, Hans"]
[Black "Kern, Beat"]
[Result "1-0"]
[WhiteElo "2229"]
[BlackElo "1651"]
[PlyCount "49"]
[EventDate "2009.10.17"]

1. d4 Nf6 2. c4 e6 3. Nc3 d5 4. Nf3 Be7 5. g3 O-O 6. Bg2 Nbd7 7. O-O dxc4 8. e4
c6 9. a4 Bb4 10. Qe2 a5 11. e5 Nd5 12. Qxc4 Re8 13. Bg5 Qc7 14. Rfc1 Nxc3 15.
bxc3 Be7 16. Bxe7 Rxe7 17. Ng5 Nf8 18. Ne4 Rb8 19. Nd6 Bd7 20. Rab1 Be8 21. Rb2
b5 22. Qc5 Qa7 23. Qxa7 Rxa7 24. Nxe8 Rxe8 25. Bxc6 1-0

[Event "XXXI Festival A"]
[Site "Arco ITA"]
[Date "2009.10.18"]
[Round "2"]
[White "Knors, Rudi"]
[Black "Isatto, Davide"]
[Result "1-0"]
[WhiteElo "2113"]
[BlackElo "1942"]
[PlyCount "43"]
[EventDate "2009.10.17"]

1. d4 Nf6 2. Nf3 g6 3. g3 Bg7 4. Bg2 O-O 5. O-O d5 6. c4 c6 7. Qb3 Ne4 8. Nc3
Nxc3 9. bxc3 a6 10. Bf4 b5 11. cxd5 cxd5 12. a4 bxa4 13. Rxa4 Be6 14. Ng5 Nc6
15. e4 h6 16. Nxe6 fxe6 17. exd5 Rb8 18. Qa2 g5 19. Bxb8 Nxb8 20. dxe6 Qd6 21.
Rb4 Nc6 22. Rb6 1-0

[Event "XXXI Festival A"]
[Site "Arco ITA"]
[Date "2009.10.18"]
[Round "2"]
[White "Lezzerini, Marco"]
[Black "Helbig, Dieter"]
[Result "0-1"]
[WhiteElo "1587"]
[BlackElo "1858"]
[PlyCount "62"]
[EventDate "2009.10.17"]

1. d4 Nf6 2. Bf4 g6 3. e3 Bg7 4. Nf3 O-O 5. Bd3 d6 6. Nbd2 Nbd7 7. c3 Nh5 8.
Bg3 Nxg3 9. hxg3 e5 10. Qc2 d5 11. dxe5 Nxe5 12. Nxe5 Bxe5 13. O-O-O c5 14. Nf3
Bg7 15. Bc4 d4 16. exd4 cxd4 17. Nxd4 Qg5+ 18. Qd2 Qc5 19. Bb3 b5 20. a3 a5 21.
Rh4 h5 22. Qe3 Bg4 23. f3 Rae8 24. Qd3 Qg5+ 25. f4 Qf6 26. Rd2 Re1+ 27. Kc2
Rfe8 28. Qxb5 R8e3 29. Qb8+ Kh7 30. Qb5 Rxg3 31. Qxa5 Qxh4 0-1

[Event "XXXI Festival A"]
[Site "Arco ITA"]
[Date "2009.10.18"]
[Round "2"]
[White "Marcori, Mirko"]
[Black "Traversi, Carlo"]
[Result "0-1"]
[WhiteElo "1878"]
[BlackElo "1725"]
[PlyCount "172"]
[EventDate "2009.10.17"]

1. d4 Nf6 2. Nf3 d5 3. e3 c6 4. Bd3 Bg4 5. Nbd2 Nbd7 6. O-O e5 7. dxe5 Nxe5 8.
Be2 Nxf3+ 9. Nxf3 Bxf3 10. Bxf3 Be7 11. b3 O-O 12. Bb2 Re8 13. Qd3 Bd6 14. Rad1
Bc7 15. c4 Qd6 16. g3 Rad8 17. cxd5 Nxd5 18. Bxd5 cxd5 19. Rd2 Ba5 20. Qd4 Qg6
21. b4 Bb6 22. Qc3 Re7 23. Rfd1 Red7 24. Qb3 Qe4 25. Bd4 Bxd4 26. Rxd4 Qe6 27.
Qd3 f5 28. a3 g5 29. h4 g4 30. Kg2 h5 31. Rf4 Rf7 32. Qd4 b6 33. a4 Kh7 34. a5
bxa5 35. bxa5 Kg6 36. Qb2 Rdd7 37. Rb4 Rd6 38. Qd4 Rfd7 39. Rb5 Qe4+ 40. Kg1
Qxd4 41. Rxd4 Kf6 42. Kf1 Ke6 43. Rbb4 Rc7 44. Rb8 Rdd7 45. Rh8 Rh7 46. Rxh7
Rxh7 47. Kg2 Rb7 48. Rd2 Rb5 49. Ra2 Kd6 50. Ra4 Ke6 51. Kf1 Rb2 52. Ke1 Rb1+
53. Ke2 Rb2+ 54. Kf1 Rb1+ 55. Kg2 Rb5 56. Ra2 Rb1 57. f3 Rb5 58. Kf2 Kd6 59.
fxg4 fxg4 60. Ke2 a6 61. Kd3 Rb3+ 62. Ke2 Rb5 63. Kd3 Rb3+ 64. Kd4 Rb4+ 65. Kc3
Re4 66. Kd3 Rb4 67. Rf2 Rb3+ 68. Kd4 Rb4+ 69. Kc3 Rc4+ 70. Kd3 Ke6 71. Rb2 Kd7
72. Rb6 Rc6 73. Kd4 Rxb6 74. axb6 Kc6 75. b7 Kxb7 76. Kxd5 Kc7 77. Ke6 a5 78.
Kf5 a4 79. Kg5 a3 80. Kxh5 a2 81. Kxg4 a1=Q 82. Kf5 Qa5+ 83. Kf4 Qh5 84. e4 Kd7
85. e5 Ke6 86. g4 Qxh4 0-1

[Event "XXXI Festival A"]
[Site "Arco ITA"]
[Date "2009.10.18"]
[Round "2"]
[White "Marini, Lucio"]
[Black "Russo, Carmelo"]
[Result "1/2-1/2"]
[WhiteElo "1884"]
[BlackElo "1733"]
[PlyCount "141"]
[EventDate "2009.10.17"]

1. d4 Nf6 2. c4 g6 3. Nc3 d5 4. Bg5 c6 5. e3 Bg7 6. Bd3 O-O 7. Nge2 Re8 8. O-O
e5 9. cxd5 cxd5 10. dxe5 Rxe5 11. Bf4 Re8 12. Nb5 Na6 13. Ned4 Bf8 14. Rc1 Bg4
15. f3 Be6 16. Bg3 Nh5 17. Bf2 Bd7 18. Be2 Nc5 19. Nc3 Be6 20. Bb5 Bd7 21. Be2
Be6 22. b4 Nd7 23. Qb3 Nb6 24. Nxe6 Rxe6 25. Rfd1 Qe7 26. Nxd5 Nxd5 27. Rxd5
Qxb4 28. Qxb4 Bxb4 29. Rb1 Nf6 30. Rb5 Bd2 31. e4 b6 32. Bc4 Ree8 33. e5 Rac8
34. Bb3 Nh5 35. Rd1 Rc1 36. Rxc1 Bxc1 37. g3 Ng7 38. Rd5 Kf8 39. Rd7 Re7 40.
Rd5 Ne6 41. Kg2 Bb2 42. Be3 Nc7 43. Bh6+ Kg8 44. Rd8+ Re8 45. Rd7 Ne6 46. Rxa7
Bxe5 47. Be3 Rb8 48. f4 Bf6 49. Bd5 Bd8 50. g4 Nc7 51. Bb3 b5 52. Kf3 Kf8 53.
Bd4 Rc8 54. Rb7 Be7 55. Be5 Bd8 56. Bxc7 Rxc7 57. Rxb5 Rc3+ 58. Kg2 Re3 59. Rb7
Be7 60. f5 gxf5 61. gxf5 f6 62. Be6 Re2+ 63. Kh3 Rd2 64. Rb8+ Kg7 65. Rg8+ Kh6
66. Re8 Bd6 67. Kg4 Rxh2 68. Rd8 Rg2+ 69. Kf3 Rg3+ 70. Kf2 Be5 71. Rd7 1/2-1/2

[Event "XXXI Festival A"]
[Site "Arco ITA"]
[Date "2009.10.18"]
[Round "2"]
[White "Mazza, Maurizio"]
[Black "Lazzaroni, Fabio"]
[Result "1/2-1/2"]
[WhiteElo "1677"]
[BlackElo "1867"]
[PlyCount "100"]
[EventDate "2009.10.17"]

1. e4 d5 2. exd5 Nf6 3. c4 c6 4. dxc6 Nxc6 5. Nf3 e5 6. Nc3 Bf5 7. d3 Qd7 8.
Be3 Rd8 9. a3 e4 10. dxe4 Qxd1+ 11. Rxd1 Rxd1+ 12. Nxd1 Bxe4 13. Be2 Bd6 14.
Nc3 Bg6 15. O-O O-O 16. h3 a6 17. Rd1 Be7 18. Nd5 Nxd5 19. cxd5 Nb8 20. d6 Bf6
21. Bb6 Nd7 22. Bd4 Rd8 23. Bxf6 Nxf6 24. Ne5 Ne4 25. Nxg6 hxg6 26. Bf3 Nxd6
27. Kf1 Kf8 28. Rd2 Ke7 29. Rd4 Rc8 30. Ke1 Rc2 31. Rd2 Rc7 32. Kd1 Kd7 33.
Bg4+ f5 34. Bf3 Ke7 35. Re2+ Kf6 36. h4 Rd7 37. Rd2 Ke7 38. Bd5 Ne4 39. Bxe4
fxe4 40. Rxd7+ Kxd7 41. Kd2 Kd6 42. Ke3 Ke5 43. g4 b5 44. b4 g5 45. hxg5 g6 46.
f3 exf3 47. Kxf3 Kd6 48. Kf4 Kd5 49. Kf3 Kd4 50. Kf4 Kd5 1/2-1/2

[Event "XXXI Festival A"]
[Site "Arco ITA"]
[Date "2009.10.18"]
[Round "2"]
[White "Modena, Giorgio"]
[Black "Fragni, Enrico"]
[Result "1-0"]
[WhiteElo "1892"]
[BlackElo "1767"]
[PlyCount "105"]
[EventDate "2009.10.17"]

1. e4 c6 2. d4 d6 3. Bd3 e5 4. Ne2 Bg4 5. f3 Bh5 6. Be3 Nd7 7. Nd2 Be7 8. O-O
g5 9. Ng3 Bg6 10. Nf5 Bf8 11. Qe2 h6 12. Rad1 Qc7 13. c4 Ngf6 14. b4 a5 15. b5
c5 16. dxc5 dxc5 17. Nb1 b6 18. Nc3 Bxf5 19. exf5 O-O-O 20. Rd2 Bd6 21. Be4
Rhg8 22. Rfd1 Nb8 23. Bf2 h5 24. Rd3 g4 25. Bh4 gxf3 26. Qxf3 Be7 27. Bxf6 Rxd3
28. Rxd3 Bxf6 29. Nd5 Qd8 30. Qxh5 Rg7 31. Qh6 Nd7 32. g3 Rg4 33. Re3 Kb8 34.
Re2 Ka7 35. Kg2 Kb8 36. h3 Rg8 37. Qh5 Rg7 38. Qf3 Bh4 39. g4 Nf6 40. Nxf6 Bxf6
41. Bd5 Qc7 42. Qe4 Rg8 43. Re3 Rh8 44. Rd3 Rd8 45. Bc6 Rd4 46. Rxd4 cxd4 47.
Ba8 Bg5 48. Kf3 f6 49. Qd5 Ka7 50. Bc6 Bh4 51. Ke4 Bg5 52. Qg8 Qb8 53. Qf7+ 1-0

[Event "XXXI Festival A"]
[Site "Arco ITA"]
[Date "2009.10.18"]
[Round "2"]
[White "Mondon, Fabrice"]
[Black "Rampini, Carlo"]
[Result "1-0"]
[WhiteElo "2029"]
[BlackElo "1820"]
[PlyCount "37"]
[EventDate "2009.10.17"]

1. e4 e5 2. Nf3 Nc6 3. Bb5 Nf6 4. O-O Nxe4 5. d4 Nd6 6. Bxc6 dxc6 7. dxe5 Nf5
8. Qe2 Be7 9. Rd1 Bd7 10. e6 fxe6 11. Ne5 Bd6 12. Qh5+ g6 13. Qe2 Bxe5 14. Qxe5
Rf8 15. Nc3 Kf7 16. Ne4 Qe8 17. Qxc7 Rd8 18. Bg5 Kg8 19. Bxd8 1-0

[Event "XXXI Festival A"]
[Site "Arco ITA"]
[Date "2009.10.18"]
[Round "2"]
[White "Morselli, Stefano"]
[Black "Ferrari, Michele"]
[Result "1-0"]
[WhiteElo "1921"]
[BlackElo "1827"]
[PlyCount "71"]
[EventDate "2009.10.17"]

1. g3 d5 2. Bg2 e6 3. d3 Nf6 4. Nf3 Be7 5. O-O O-O 6. Nbd2 Nbd7 7. Re1 c6 8. e4
dxe4 9. dxe4 e5 10. b3 Bb4 11. Bb2 Re8 12. a3 Ba5 13. b4 Bc7 14. Nc4 Qe7 15.
Qd3 b5 16. Ncd2 Nb6 17. Rad1 Na4 18. Ba1 Bg4 19. c4 a6 20. c5 Rad8 21. Qc2 Rd7
22. h3 Bh5 23. g4 Bg6 24. Nh4 Red8 25. Nf5 Bxf5 26. exf5 Nd5 27. Ne4 Nf4 28.
Nd6 Nxg2 29. Rxe5 Qg5 30. Kxg2 Bxd6 31. Rxd6 Rxd6 32. cxd6 h5 33. f6 Qg6 34.
Qxg6 fxg6 35. fxg7 hxg4 36. d7 1-0

[Event "XXXI Festival A"]
[Site "Arco ITA"]
[Date "2009.10.18"]
[Round "2"]
[White "Mulone, Gaspare"]
[Black "Mombelli, Antonio"]
[Result "1/2-1/2"]
[WhiteElo "1394"]
[BlackElo "1829"]
[PlyCount "57"]
[EventDate "2009.10.17"]

1. e4 Nf6 2. d3 d5 3. e5 Nfd7 4. d4 e6 5. Nf3 c5 6. c3 Nc6 7. Be3 cxd4 8. cxd4
Nb6 9. Nc3 Bb4 10. Be2 Nc4 11. Bxc4 dxc4 12. O-O Bxc3 13. bxc3 a6 14. Qd2 h6
15. a4 Na5 16. Qb2 Nb3 17. Ra2 Bd7 18. Nd2 Nxd2 19. Bxd2 Bc6 20. f3 O-O 21. Rb1
Qd7 22. a5 Bb5 23. Bc1 Rab8 24. Qd2 Rfc8 25. Ba3 b6 26. Bd6 Rb7 27. Qb2 bxa5
28. Rxa5 Ra7 29. Qa3 1/2-1/2

[Event "XXXI Festival A"]
[Site "Arco ITA"]
[Date "2009.10.18"]
[Round "2"]
[White "Nania, Alberto"]
[Black "Koenig, Joel"]
[Result "0-1"]
[WhiteElo "1704"]
[BlackElo "1884"]
[PlyCount "140"]
[EventDate "2009.10.17"]

1. d4 d5 2. Nf3 Nc6 3. e3 Bg4 4. h3 Bh5 5. c4 e6 6. Nc3 Bb4 7. a3 Bxc3+ 8. bxc3
Nge7 9. g4 Bg6 10. Nh4 O-O 11. cxd5 Nxd5 12. c4 Nxe3 13. Bxe3 Qxh4 14. Qd2 Qe7
15. Bg2 Rad8 16. Qb2 e5 17. d5 Nd4 18. O-O Bd3 19. Rfd1 Bxc4 20. Bxd4 exd4 21.
Qxd4 b5 22. Qxa7 Qd6 23. a4 Bb3 24. Rdc1 bxa4 25. Qxc7 Qxc7 26. Rxc7 Rd6 27.
Rc6 Rfd8 28. Rxd6 Rxd6 29. Kf1 Kf8 30. Ke2 Ke7 31. Ke3 Ra6 32. Kd4 Kd6 33. Bf1
Ra5 34. Bc4 Bxc4 35. Kxc4 a3 36. Kb4 Ra7 37. Kc4 a2 38. f4 Ra4+ 39. Kb3 Rxf4
40. Rxa2 Kxd5 41. Rh2 Ke4 42. Kc4 Kf3+ 43. Kd3 Kg3 44. Rh1 Kg2 45. Ke3 Rf3+ 46.
Ke4 Rxh3 47. Rc1 Rg3 48. Kf4 Rf3+ 49. Ke4 Rf2 50. Ke3 g6 51. Rc4 Kg3 52. g5 Rf5
53. Rc1 Re5+ 54. Kd4 Rxg5 55. Rg1+ Kf4 56. Rf1+ Kg4 57. Rg1+ Kf5 58. Rf1+ Ke6
59. Re1+ Kf6 60. Ra1 h5 61. Ra6+ Kf5 62. Ke3 Kg4 63. Ke4 Rf5 64. Ra1 h4 65.
Rg1+ Kh3 66. Ra1 Kg2 67. Ra2+ Rf2 68. Ra8 h3 69. Rh8 h2 70. Ke3 Rf5 0-1

[Event "XXXI Festival A"]
[Site "Arco ITA"]
[Date "2009.10.18"]
[Round "2"]
[White "Naumkin, Igor"]
[Black "Schrott, Ernst"]
[Result "1-0"]
[WhiteElo "2450"]
[BlackElo "2059"]
[PlyCount "67"]
[EventDate "2009.10.17"]

1. d4 Nf6 2. c4 c5 3. d5 b5 4. cxb5 a6 5. bxa6 g6 6. Nc3 Bxa6 7. Nf3 Bg7 8. Nd2
O-O 9. e4 Bxf1 10. Nxf1 e6 11. Ne3 exd5 12. Nexd5 Nxd5 13. Qxd5 Nc6 14. O-O Bd4
15. Nb5 Nb4 16. Qc4 Bg7 17. a4 d5 18. Qxc5 Nd3 19. Qxd5 Qxd5 20. exd5 Nxc1 21.
Raxc1 Rxa4 22. Rc2 Rb4 23. Na7 Rxb2 24. Rxb2 Bxb2 25. Rd1 Ra8 26. Nc6 Kf8 27.
d6 Bf6 28. d7 Bd8 29. g4 h6 30. Kg2 f6 31. Rd3 f5 32. gxf5 gxf5 33. Rd6 h5 34.
Rh6 1-0

[Event "XXXI Festival A"]
[Site "Arco ITA"]
[Date "2009.10.18"]
[Round "2"]
[White "Orlandi, Stefano"]
[Black "Bottesi, Gianluca"]
[Result "0-1"]
[WhiteElo "1948"]
[BlackElo "1559"]
[PlyCount "62"]
[EventDate "2009.10.17"]

1. e4 c5 2. Nf3 Nc6 3. d4 cxd4 4. Nxd4 Nf6 5. Nc3 a6 6. Be2 e6 7. Be3 Qc7 8.
O-O d5 9. exd5 exd5 10. Bf3 Be6 11. Re1 Bd6 12. Bg5 Bxh2+ 13. Kh1 Nxd4 14. Qxd4
O-O-O 15. Rad1 h5 16. Bxf6 gxf6 17. Qxf6 Qf4 18. Qxf4 Bxf4 19. Nxd5 Bb8 20. Nf6
Rxd1 21. Rxd1 Bg4 22. c3 Bxf3 23. gxf3 h4 24. Rd5 Ba7 25. Ng4 h3 26. Rf5 Re8
27. Kh2 Rh8 28. Rxf7 Bb8+ 29. Kh1 h2 30. Rf6 Rd8 31. Rh6 Rd1+ 0-1

[Event "XXXI Festival A"]
[Site "Arco ITA"]
[Date "2009.10.18"]
[Round "2"]
[White "Pedrotti, Luciano"]
[Black "Giancotti, Eraldo"]
[Result "0-1"]
[WhiteElo "1829"]
[BlackElo "2109"]
[PlyCount "74"]
[EventDate "2009.10.17"]

1. e4 e6 2. d4 d5 3. exd5 exd5 4. Nf3 Bd6 5. Be2 Ne7 6. O-O Nbc6 7. Nbd2 Bf5 8.
c3 Qd7 9. Re1 O-O-O 10. Nf1 f6 11. b4 g5 12. Ne3 Be6 13. a4 g4 14. Nh4 h5 15.
a5 f5 16. b5 Nb8 17. g3 f4 18. Nf1 Rdf8 19. Bd3 Rf6 20. Ba3 Bxa3 21. Rxa3 Rhf8
22. Ra1 Nf5 23. Nxf5 Bxf5 24. Re5 fxg3 25. fxg3 Bxd3 26. Qxd3 Qf7 27. Rae1 Rf3
28. Ne3 Rxg3+ 29. hxg3 Qf2+ 30. Kh1 Qxe1+ 31. Kh2 h4 32. Ng2 hxg3+ 33. Qxg3
Rh8+ 34. Nh4 Rxh4+ 35. Kg2 Qh1+ 36. Kf2 Rh2+ 37. Ke3 Qc1+ 0-1

[Event "XXXI Festival A"]
[Site "Arco ITA"]
[Date "2009.10.18"]
[Round "2"]
[White "Pienabarca, Nicola"]
[Black "Gandolfi, Gianfranco"]
[Result "1-0"]
[WhiteElo "2067"]
[BlackElo "1861"]
[PlyCount "93"]
[EventDate "2009.10.17"]

1. d4 Nf6 2. Nf3 e6 3. g3 d5 4. Bg2 b6 5. c4 Bb7 6. O-O dxc4 7. Qa4+ Nbd7 8.
Ne5 Bxg2 9. Kxg2 Bd6 10. Nxc4 O-O 11. Nxd6 cxd6 12. Nc3 a6 13. Qa3 Qc7 14. Rd1
Qb7+ 15. Kg1 d5 16. Bf4 Rfc8 17. Rac1 Rc6 18. Nb1 Rac8 19. Rxc6 Rxc6 20. Rc1
Rxc1+ 21. Bxc1 Qc6 22. Nc3 b5 23. Bf4 h6 24. Qa5 Qb6 25. Qxb6 Nxb6 26. Bc7 Nfd7
27. b3 h5 28. Bd6 f5 29. Kf1 Kf7 30. e3 g5 31. h3 g4 32. Ne2 Nf6 33. Nf4 Nbd7
34. h4 Ne4 35. Bb4 Nef6 36. Ke2 Nf8 37. Bxf8 Kxf8 38. Nxe6+ Ke7 39. Nc7 Ne4 40.
Nxa6 Nc3+ 41. Kd2 Nxa2 42. Kc2 b4 43. Nc5 Nc3 44. Nd3 Ne4 45. Kd1 Nc3+ 46. Kd2
Ne4+ 47. Ke1 1-0

[Event "XXXI Festival A"]
[Site "Arco ITA"]
[Date "2009.10.18"]
[Round "2"]
[White "Pieri, Enzo"]
[Black "Niccoli, Paolo"]
[Result "0-1"]
[WhiteElo "1812"]
[BlackElo "1947"]
[PlyCount "52"]
[EventDate "2009.10.17"]

1. d4 Nf6 2. Nf3 c5 3. e3 g6 4. c3 Bg7 5. Be2 cxd4 6. exd4 O-O 7. O-O d5 8. Bg5
h6 9. Bf4 Nc6 10. h3 Qb6 11. Qc1 g5 12. Be3 Ne4 13. Ne5 Nxe5 14. dxe5 Qc7 15.
f4 Ng3 16. Rf2 gxf4 17. Bxf4 Bxe5 18. Bxh6 Bg7 19. Qg5 Nxe2+ 20. Kf1 Ng3+ 21.
Kg1 Qe5 22. Qxe5 Bxe5 23. Bxf8 Kxf8 24. Nd2 Bd6 25. Re1 Bc5 26. Nf3 Ne4 0-1